Countries with the 2nd Most Speakers - Statistics

General Stats
  • This quiz has been taken 28,996 times
  • The average score is 13 of 20
Answer Stats
Language #1 #2 % Correct
English United States United Kingdom
98%
German Germany Austria
91%
Russian Russia Ukraine
85%
Spanish Mexico Colombia
83%
Greek Greece Cyprus
81%
Mandarin China Taiwan
81%
Dutch Netherlands Belgium
79%
Swedish Sweden Finland
72%
Tamil India Sri Lanka
72%
Polish Poland Germany
70%
Punjabi Pakistan India
69%
Romanian Romania Moldova
66%
Persian Iran Afghanistan
62%
Quechua Peru Bolivia
60%
Portuguese Brazil Angola
59%
Hmong China Vietnam
52%
French France D. R. Congo
48%
Turkish Turkey Germany
47%
Yoruba Nigeria Benin
41%
Italian Italy Brazil
20%
No matching quizzes found
Score Distribution
Percent of People with Each Score
Percentile by Number Answered
Your Score History
You have not taken this quiz